000 00898nam0a22002771 4500
001 rc\4002896
005 20250611052553.0
021 _aRU
_b[54-37184]
035 _a(NLR Aleph) 008074207
090 _a9082179
_c9082179
100 _a20130415d1954 |||y0rusy50 ca
101 0 _arus
102 _aRU
105 _aa z |||||
200 1 _aПавильон "Корма"
_eПутеводитель
_fВсесоюз. с.-х. выставка
210 _aМосква
_cСельхозгиз
_d1954
215 _a64 с.
_cил.
_d20
300 _aНа обороте тит. л. авт.: С.В. Мотова
606 _aКорма
_xВыставки
_2psbo
701 1 _aМотова
_bС.В.
710 1 2 _aВсесоюзная с.-х. выставка (1954-; Москва)
801 0 _aRU
_bNLR
_gpsbo
801 1 _aRU
_bELAR
_2rusmarc
852 _aNLR
_jС10 Г-4/472
942 _cBOOK
980 _aNB